50 countries with the most tourists - Statistics

General Stats
  • This quiz has been taken 140 times
  • The average score is 40 of 50
Answer Stats
Rank Country % Correct
1 France
98%
6 Mexico
98%
3 United States
98%
48 Brazil
97%
4 China
96%
5 Italy
96%
26 India
95%
12 Japan
95%
2 Spain
95%
40 Australia
94%
14 Greece
93%
45 Sweden
93%
7 United Kingdom
93%
43 Egypt
92%
9 Germany
92%
18 Canada
91%
16 Russia
91%
50 Norway
90%
11 Austria
89%
19 Poland
89%
17 Portugal
89%
33 Morocco
87%
20 Netherlands
87%
34 Switzerland
87%
10 Thailand
87%
46 Argentina
86%
29 South Korea
86%
38 South Africa
85%
30 Indonesia
84%
15 Malaysia
84%
42 Belgium
83%
35 Denmark
82%
23 United Arab Emirates
82%
8 Turkey
81%
25 Croatia
80%
31 Vietnam
80%
24 Hungary
78%
37 Ireland
77%
22 Saudi Arabia
75%
28 Singapore
75%
49 Chile
72%
32 Czech Republic
70%
47 Philippines
66%
36 Taiwan
61%
27 Ukraine
60%
44 Tunisia
59%
39 Bulgaria
58%
13 Hong Kong
22%
21 Macao
15%
41 Syria
4%
No matching quizzes found
Score Distribution
Percent of People with Each Score
Percentile by Number Answered
Your Score History
You have not taken this quiz